| 000 | 02630cam a2200349 a 4500 | ||
|---|---|---|---|
| 001 | 214580 | ||
| 003 | GBCCL | ||
| 005 | 20241126110345.0 | ||
| 008 | 060331s2007 enkabc 000 0 eng | ||
| 016 | 7 |
_a013573458 _2Uk |
|
| 020 | _a9781854247629 (pbk.) | ||
| 020 | _a185424762X (pbk.) | ||
| 020 | _a9780825461279 (U.S.) | ||
| 020 | _a0825461278 (U.S.) | ||
| 035 | _a(OCoLC)ocm72868885 | ||
| 035 | _a(OCoLC)72868885 | ||
| 040 |
_aUKM _cUKM _dYDXCP _dCUS _dBTCTA _dBAKER _dOCLCG _dXBE _dDTM _dLBB |
||
| 042 | _aukblcatcopy | ||
| 043 | _aa-cc--- | ||
| 049 | _aLBBK | ||
| 050 | 4 |
_aBR1608.C6 _bH38 2007 |
|
| 082 | 0 | 4 |
_a272.0951 _222 _bHAT |
| 090 |
_aBR1608.C6 _bH38 2007 |
||
| 100 | 1 |
_aHattaway, Paul, _d1968- _9978 |
|
| 245 | 1 | 0 |
_aChina's Christian martyrs / _cPaul Hattaway. |
| 260 |
_aOxford : _bMonarch Books, _c2007. |
||
| 300 |
_a492 p. : _bill., map, ports. ; _c22 cm. |
||
| 505 | 0 | _apt. 1. The first thousand years. 845 to 1599 : earliest beginnings -- 1600s : a century of Catholic carnage -- 1700s : the bitter sweet century -- The great religious incident -- Slaughter in South China -- China's first Protestant martyrs -- Trouble in Guangxi and Guizhou -- The Tianjin Massacre -- Murderous monks in Tibet -- The Gutian Massacre -- Storm clouds on the horizon -- pt. 2. The Boxer Rebellion of 1900. Prelude to the summer of slaughter -- Beijing -- The Tongzhou Massacre -- Hebei province -- The Zhujiahe massacre of 3,000 Catholics -- Little Anna Wang and her family -- The Yanshan slaughter -- The Baoding massacre -- The terrible escape -- Manchuria -- Bling Chang -- Zhejiang -- Inner Mongolia -- Shanxi -- The Taiyuan massacre -- Shouyang -- Trouble at the Great Wall -- Taigu -- Peter Ogren : the man who wouldn't die -- Letters of faith and courage -- pt. 3. Bandits and Communists. 1901 to 1948 : martyrs of the bandit years -- Bloodbath in Xi'an -- Alphonso Argento : the last Boxer martyr -- Trouble among the tribes -- Caught in the crossfire -- 1925 to 1953 : the early years of Communism -- The father and son martyrs -- Sadhu Sundar Singh -- In the land of Mohammed -- John and Betty Stam -- Eric Liddel : Olympic champion and martyr -- Massacres in North China -- Thirty-three Trappist monks -- Bill Wallace -- Martyrs among the A-Hmao -- 1954 to 1982 : behind the iron curtain -- Zhu Yiming -- Molly O'Sullivan -- Watchman Nee -- Old tactics in New China -- Lilies among thorns -- House church martyrs of the 1990s -- Martyrs of the new millennium -- Into the future. | |
| 520 | _aChristian Library of Lancaster Collection. | ||
| 650 | 0 |
_aChristian martyrs _zChina _vBiography. _9979 |
|
| 942 |
_2ddc _cBK _06 |
||
| 999 |
_c743 _d743 |
||